000 00750nam a2200229 a 4500
001 000032075
003 DO-SdBNP
005 20210518121536.0
008 110712s2000 dr 000 0 spa d
040 _aDO-SdBNP
_bspa
_cBNPHU
082 4 _aRD861.44
_bR789e
_222
100 1 _aRosario Mena, Juan Antonio
_935821
245 1 0 _aEcos del alma :
_bvoces poéticas del dolor /
_cJuan Antonio Rosario Mena.
260 _a[Santo Domingo] :
_b[s.n.],
_c2000.
300 _a106 p. :
_b23 cm.
500 _aIncluye datos biográficos del autor en la contracubierta
590 _aInventariado, 2021/MFF
650 4 _aPoesía dominicana
_978606
650 4 _aLiteratura dominicana
_978607
910 _aValidado. Control de calidad MFF
942 _2ddc
_cLBS1
999 _c31566
_d31566